| 000 | 00540nam a2200181Ia 4500 | ||
|---|---|---|---|
| 003 | GCL | ||
| 008 | 140319s9999 xx 000 0 eng d | ||
| 040 |
_aGCL / _cGCL |
||
| 082 | 0 | 4 |
_a690.068 _bT J |
| 100 | 1 | _aVALENT, JOSE ANGEL | |
| 245 | 1 | 0 |
_aMANAGING THE CONSTRUCTION PROJECT: A PRACTICAL GUIDE FOR THE PROJECT MANAGET / _cVALENT, JOSE ANGEL |
| 700 | 1 | _aJACKSON, RICHARD L. | |
| 260 |
_a[S.N] : _bMACMILLAN PUBLISHING COMPANY ، _c1993 |
||
| 300 | _a189 P | ||
| 650 | 0 | 4 | _aPROJECTS |
| 650 | 0 | 4 | _aPROJECT MANAGEMENT |
| 942 |
_2ddc _cBK |
||
| 999 |
_c17402 _d17402 |
||